000 00263nam a2200097Ia 4500
001 850848
005 20250826174445.0
008 250824s9999 xx 000 0 und d
245 0 _aBİR KÜÇÜK OSMANCIK VARDI
_cHASAN NAİL CANAT
260 _bGENÇ TİMAŞ YAYINLARI
999 _c850848
_d850848